Statistics for Burlesque - Guess The Song

Click here to take the quiz!

General Stats

  • This quiz has been taken 16 times
  • The average score is 106 of 164

Answer Stats

Answer% Correct
i
92%
to
92%
you
92%
a
85%
Burlesque
85%
me
85%
of
85%
the
85%
and
77%
but
77%
can
77%
dream
77%
every
77%
everything
77%
it
77%
more
77%
not
77%
show
77%
welcome
77%
add
69%
be
69%
give
69%
is
69%
less
69%
little
69%
never
69%
band
62%
Coco
62%
Georgia
62%
if
62%
in
62%
need
62%
possess
62%
smoke
62%
what
62%
am
54%
extra
54%
know
54%
may
54%
money
54%
nothing's
54%
oh
54%
seems
54%
so
54%
want
54%
where
54%
your
54%
behave
46%
buying
46%
confess
46%
do
46%
everyone
46%
got
46%
guilty
46%
hand
46%
keeps
46%
my
46%
put
46%
ready
46%
says
46%
well
46%
wish
46%
you're
46%
yourself
46%
at
38%
bump
38%
cool
38%
grant
38%
grind
38%
guessing
38%
its
38%
just
38%
mercy
38%
risk
38%
tell
38%
triplets
38%
with
38%
dark
31%
days
31%
end
31%
Jessie
31%
mind
31%
playing
31%
something
31%
statuesque
31%
there
31%

Score Distribution

Percentile by Number Answered

Percent of People with Each Score

Your Score History

You have not taken this quiz